000 00566cam a2200181 4500
001 ##L134294
008 060724n 000 0 eng u
035 _a(Sirsi) u134294
041 0 _aeng
050 0 4 _a331.2166 $2 18
110 2 _aValuers Institution
245 0 0 _aScales of professional charges
_bincorporating revisions effective from 1st January 1963
260 _a[S.l.]
_b[s.n.]
_c1963 (London
_bE T Heron and Co)
300 _a36p.
_c12cm.
520 _aContains scales one to 35 inclusive.
690 _aMANAGEMENT-BUSINESS MANAGEMENT-FEES
942 _n0
999 _c105641
_d105641